000
00340 a2200157 4500
001
189970
020
_a
85-08-06952-9
040
_c
Magnum
100
_a
Junqueira, Sonia
240
1
0
_a
O susto do periquito
_l
por
245
1
0
_a
O susto do periquito
362
0
_a
1998
440
1
_a
Ática
697
_a
LITERATURA INFANTIL
942
_c
BK
999
_c
189970
_d
189970